Pays les plus et moins similaires à la France - Statistiques

Statistiques générales
  • Ce quiz a été pris 130 fois
  • Le résultat moyen est 9 sur 20
Statistiques - réponses
Classement Pays % Correct
6 Espagne
96%
3 Italie
94%
4 Allemagne
90%
1 Belgique
90%
7 Portugal
83%
8 Pays-Bas
75%
2 Luxembourg
74%
10 Autriche
59%
9 République Tchèque
36%
5 Slovénie
23%
2 Somalie
22%
4 Bangladesh
18%
6 Yémen
17%
8 Laos
16%
1 Soudan
14%
10 Cambodge
13%
3 Érythrée
13%
7 Soudan du Sud
12%
5 Papouasie-Nouvelle-Guinée
9%
9 Îles Salomon
4%
Aucun quiz correspondant
Distribution des résultats
% des personnes avec chaque résultat
Percentile par nombre de réponses
Votre historique - résultats
Vous n’avez pas pris ce quiz